[Event "Sofia Accedia op"]
[Site "Sofia"]
[Date "2023.03.25"]
[Round "6"]
[White "Mikov, Ognyan"]
[Black "Dimitrov, Alexander"]
[Result "0-1"]
[WhiteElo "1768"]
[BlackElo "2023"]
[PlyCount "78"]
[EventDate "2023.03.25"]
[EventType "swiss"]
[EventRounds "9"]
[EventCountry "BUL"]
[SourceTitle "CBM 213 Extra"]
[Source "ChessBase"]
[SourceDate "2023.05.31"]
[SourceVersion "1"]
[SourceVersionDate "2023.05.31"]
[SourceQuality "1"]

1. e4 e5 2. Nf3 Nc6 3. Bb5 g6 4. d3 Bg7 5. Bg5 Nge7 6. 0-0 h6 7. Bh4 0-0 8. Nc3 g5 9. Nxg5 Ng6 10. Ne6 Qxh4 11. Nxf8 Nxf8 12. Nd5 Ne6 13. c3 d6 14. Qf3 Ncd8 15. Ba4 c6 16. g3 Ng5 17. Ne7+ Kh7 18. Qe2 Nh3+ 19. Kh1 Qxe7 20. f4 exf4 21. gxf4 Ne6 22. f5 Nef4 23. Qg4 Qg5 24. Qf3 Qh5 25. Qg3 Qg5 26. Qf3 Bd7 27. Bc2 Rg8 28. Rae1 c5 29. a3 Bc6 30. b4 Be5 31. Bd1 d5 32. Bc2 dxe4 33. dxe4 f6 34. Rd1 Rg7 35. c4 Bd4 36. b5 Be8 37. Rb1 b6 38. a4 Bh5 39. Qb3 Qg2# 0-1